| 000 | 00442nam a2200205Ia 4500 | ||
|---|---|---|---|
| 001 | 13268 | ||
| 003 | GE_BSU | ||
| 008 | 181216s||||||||xx |||||||||||||| ||und|| | ||
| 020 | _a0552149519 | ||
| 040 | _cGE_BSU | ||
| 080 | _a821.111-312.4 | ||
| 100 | _aBrown,Dan. | ||
| 245 | 4 | _aThe Da Vinci Code. | |
| 260 | _aLondon. | ||
| 260 | _bCorgi Books. | ||
| 260 | _c2003 | ||
| 300 | _a604p;18cm. | ||
| 653 | _aThe Da Vinci Code. | ||
| 942 | _cBK | ||
| 999 |
_c46430 _d46430 |
||